| 000 | 01207nam0a2200337 4500 | ||
|---|---|---|---|
| 001 | RU\NLR\BIBL_A\011944694 | ||
| 005 | 20190717111855.0 | ||
| 010 |
_a978-5-4484-06802-1 _9800 |
||
| 021 |
_aRU _bКН-П-19-003652 _9КН-П-19-0265 |
||
| 035 | _a(NLR Aleph) 011944694 | ||
| 035 | _a(RuMoRGB)009871046 | ||
| 090 |
_a11111230 _c11111230 |
||
| 100 | _a20190222d2019 k y0rusy50 ca | ||
| 101 | 0 | _arus | |
| 102 | _aRU | ||
| 105 | _aachzzz0|||1zd | ||
| 200 | 1 |
_aУдивительные артефакты и современные мифы _fС. Э. Ермаков |
|
| 210 |
_aМосква _cВече _d2019 |
||
| 215 |
_a317, [2] с. _cил., факс., портр. _d21 |
||
| 225 | 1 | _aТайны. Загадки. Сенсации | |
| 320 | _aБиблиогр.: с. 315-318 | ||
| 333 | _a12+ | ||
| 606 | 1 |
_aМатериальная культура _xИстория _2nlr_sh2 _3RU\NLR\AUTH\6601574650 |
|
| 686 | 1 | _aТ3(0)0,02 | |
| 686 | 1 | _aТ4(0) | |
| 700 | 1 |
_aЕрмаков _bС. Э. _gСтанислав Эдуардович _3RU\NLR\AUTH\770280450 |
|
| 942 | _cBOOK | ||
| 980 | _aNBR | ||
| 980 | _aNB | ||